Auditora̕ Mďica

Bibliographic Details
Main Author: Meja̕ Garca̕, Braulio
Other Authors: ℓlvarez Heredia, Francisco
Format: eBook
Language:Spanish
Published: Bogot ̀: ECOE, 2009.
Subjects:
Online Access:Acceso restringido

MARC

LEADER 00000nam a22000007a 4500
005 20110915100926.0
008 110915t2009 ck ||||s|||| 00| 0 spa d
020 |a 978-958-648-582-1 
035 |a 4824 
040 |a vLex 
090 |c 2458  |d 2458 
100 1 |a Meja̕ Garca̕, Braulio 
245 1 0 |a Auditora̕ Mďica  |h [Recurso electrn̤ico] /  |c Braulio Meja̕ Garca̕, Dr. Francisco ℓlvarez Heredia  
256 |a Servicio en ln̕ea. 
260 |a Bogot ̀:  |b ECOE,  |c 2009. 
300 |a 1 recurso electrn̤ico 
506 1 |a Contenido solo disponible en los productos indicados  |d vLex Global  |d vLex Global (Academic Edition, excluding Law Schools)  |d vLex Global (U.S. Academic Edition, Law Schools)  |d vLex Global (U.S. Academic Edition, excluding Law Schools)  |d vLex Global (Academic Edition, Law Schools) 
650 0 4 |a Medicina  |x Auditoria 
700 1 |a ℓlvarez Heredia, Francisco 
740 0 4 |a vLex Libros (Servicio en ln̕ea) 
856 4 0 |u http://vlex.com/source/auditoria-medica-4824  |z Acceso restringido 
942 |c BOOK